00746nam a22002297a 45000010005000000030006000050050017000110080041000280200018000690400029000870500015001160820010001311000022001412450048001632600036002113000048002475050007002955200138003025210027004405210018004676500031004856618FISKH20250513123945.0250513b cb ||||| |||| 00| 0 eng d a9788956353234 aFISKHbengcFISKHdFISKH aPZ8.B82 P2 a821.8 aBrowning, Robert  aThe pied piper of Hamelin /cBrothers Grimm aSongpa-gu : be-Future, c2009. a18 pages : bcolor illustrations ; c21 cm  aK  aThe Pied Piper pipes the village free of rats, and when the villagers refuse to pay him for the service he exacts a terrible revenge.8 a510 bLexile estimate 8 aK bRaz-Plus  aBritish literaturevPoetry